[Event "Alcorcon Diagonal op 2nd"]
[Site "Alcorcon"]
[Date "2023.12.27"]
[Round "3"]
[White "Ortega Sanchez Montanez, Marcos"]
[Black "Gonzalez Chapado, Dario"]
[Result "0-1"]
[WhiteElo "1467"]
[BlackElo "1589"]
[PlyCount "120"]
[EventDate "2023.12.26"]
[EventType "swiss"]
[EventRounds "9"]
[EventCountry "ESP"]
[SourceTitle "CB01_2024"]
[SourceDate "2024.01.03"]
[SourceVersion "1"]
[SourceVersionDate "2024.01.03"]
[SourceQuality "1"]

1. d4 d5 2. c4 c6 3. cxd5 cxd5 4. Bg5 h6 5. Bh4 Qb6 6. Nc3 e6 7. Qd2 Nc6 8. e3 Bd7 9. Bd3 Rc8 10. Nge2 Be7 11. Bxe7 Ngxe7 12. Rc1 0-0 13. 0-0 Nb4 14. Bb1 Bb5 15. Nxb5 Qxb5 16. Rc3 Rxc3 17. Nxc3 Qd7 18. Rc1 Rc8 19. a3 Nbc6 20. Ne2 b6 21. b4 Nd8 22. Rxc8 Qxc8 23. Qc3 Qd7 24. Bd3 Nb7 25. Kf1 Nd6 26. Ke1 b5 27. Nc1 Nc4 28. Nb3 Qd6 29. g3 Nxa3 30. Nc5 Nc4 31. e4 Nc6 32. e5 Qe7 33. h4 Qd8 34. Bb1 Qc7 35. Qd3 N4xe5 36. dxe5 Qxe5+ 37. Kf1 Qb2 38. Nd7 g6 39. Qc2 Qxc2 40. Bxc2 Nxb4 41. Bd1 Nc6 42. Ke1 f5 43. f4 Kf7 44. Kd2 Ke7 45. Ne5 Nxe5 46. fxe5 Kd7 47. Kc3 Kc6 48. Kd4 a5 49. g4 a4 50. gxf5 gxf5 51. Bh5 a3 52. Be8+ Kb6 53. Kc3 Kc5 54. Bd7 b4+ 55. Kb3 Kd4 56. Bxe6 Kxe5 57. Bf7 Ke4 58. Bg6 d4 59. Bf7 d3 60. Kxb4 d2 0-1

[Event "Madrid-ch Previa B"]
[Site "Madrid"]
[Date "2023.02.04"]
[Round "3.19"]
[White "Rojas Fernandez, Antonio"]
[Black "Ortega Sanchez Montanez, Marcos"]
[Result "1/2-1/2"]
[WhiteElo "1764"]
[BlackElo "1536"]
[PlyCount "207"]
[EventDate "2023.02.02"]
[EventType "swiss"]
[EventRounds "9"]
[EventCountry "ESP"]
[SourceTitle "EXT 2024"]
[Source "ChessBase"]
[SourceDate "2023.10.10"]
[SourceVersion "1"]
[SourceVersionDate "2023.10.10"]
[SourceQuality "1"]

1. e4 c6 2. d4 d5 3. exd5 cxd5 4. Bd3 Nc6 5. c3 Nf6 6. Bf4 Bg4 7. Qb3 Qd7 8. Nd2 e6 9. Ngf3 Bd6 10. Bxd6 Qxd6 11. 0-0 0-0 12. Rfe1 Bxf3 13. Nxf3 Qc7 14. h3 Rad8 15. Re2 Rfe8 16. Rae1 Nd7 17. a4 h6 18. Re3 Qd6 19. Bb5 Rc8 20. Qa2 a6 21. Bxc6 Qxc6 22. Ra1 Red8 23. Ree1 Qc7 24. Qa3 Nb6 25. Ne5 Nc4 26. Nxc4 Qxc4 27. Reb1 Rc7 28. a5 Rdc8 29. Ra2 Qd3 30. Rba1 Qe2 31. Qd6 Qd3 32. Ra4 Rc6 33. Qf4 Rc4 34. Rxc4 Qxc4 35. Qd6 Qc7 36. Qb4 Qc6 37. Ra3 Rc7 38. Rb3 f6 39. Qb6 Qxb6 40. Rxb6 Kf7 41. Kf1 Rd7 42. Ke2 f5 43. f4 g5 44. g3 Kf6 45. Kf3 Rg7 46. Kf2 Rd7 47. Ke2 gxf4 48. gxf4 Rg7 49. Kf3 Re7 50. h4 h5 51. Rd6 Rg7 52. Rd8 Rg4 53. Rd7 Rg7 54. Rd8 Rg4 55. Rb8 Rg7 56. Rh8 Kg6 57. Ke3 Re7 58. Kd3 Rc7 59. b3 b6 60. Ra8 bxa5 61. Rxa6 Rb7 62. Rxe6+ Kf7 63. Re5 Rxb3 64. Rxf5+ Ke6 65. Rxh5 a4 66. Re5+ Kd6 67. Re2 Ra3 68. f5 Ra1 69. Re6+ Kc7 70. Ra6 Kb7 71. Ra5 a3 72. f6 Rf1 73. Rxa3 Rxf6 74. Ra1 Rf3+ 75. Kc2 Rh3 76. Ra5 Kc6 77. Ra6+ Kb5 78. Rh6 Kc4 79. Rc6+ Kb5 80. Rc5+ Kb6 81. Rxd5 Rxh4 82. Kb3 Rh6 83. Rg5 Rd6 84. Kb4 Kc6 85. Rg8 Kb7 86. c4 Rxd4 87. Kc5 Rd7 88. Kb5 Rh7 89. c5 Rc7 90. Rg6 Rf7 91. Rb6+ Ka7 92. Ra6+ Kb8 93. Kb6 Rb7+ 94. Kc6 Rc7+ 95. Kd6 Rh7 96. Rb6+ Kc8 97. Rc6+ Kd8 98. Kd5 Rh5+ 99. Kc4 Rh1 100. Rg6 Kc7 101. Rg7+ Kc6 102. Rg6+ Kc7 103. Rg3 Kc6 104. Rg6+ 1/2-1/2

[Event "Madrid-ch Previa B"]
[Site "Madrid"]
[Date "2023.02.02"]
[Round "1.4"]
[White "Ortega Sanchez Montanez, Marcos"]
[Black "Martinez Garcia, Ruben"]
[Result "1/2-1/2"]
[WhiteElo "1536"]
[BlackElo "1984"]
[PlyCount "118"]
[EventDate "2023.02.02"]
[EventType "swiss"]
[EventRounds "9"]
[EventCountry "ESP"]
[SourceTitle "EXT 2024"]
[Source "ChessBase"]
[SourceDate "2023.10.10"]
[SourceVersion "1"]
[SourceVersionDate "2023.10.10"]
[SourceQuality "1"]

1. d4 Nf6 2. c4 g6 3. Nc3 Bg7 4. e4 d6 5. Nf3 0-0 6. Be2 e5 7. dxe5 dxe5 8. Qxd8 Rxd8 9. Bg5 Re8 10. Nd5 Nxd5 11. cxd5 h6 12. Be3 f5 13. Nd2 Nd7 14. f3 c6 15. dxc6 bxc6 16. Rc1 Bb7 17. Rc3 Bf8 18. Rb3 Reb8 19. Bc4+ Kg7 20. exf5 gxf5 21. Be6 f4 22. Bxd7 fxe3 23. Nc4 Ba6 24. Nxe3 Bc5 25. Nf5+ Kf6 26. Nxh6 Bb4+ 27. Kf2 Bc4 28. Ng4+ Kg7 29. Bxc6 Bc5+ 30. Kg3 Bxb3 31. axb3 Bd4 32. Bxa8 Rxa8 33. Re1 Re8 34. Re2 Rb8 35. Nxe5 Re8 36. Kf4 Rf8+ 37. Ke4 Bxe5 38. Rd2 Bxh2 39. Rd7+ Rf7 40. Rxf7+ Kxf7 41. Kd3 Kf6 42. b4 Kf5 43. b5 Kf4 44. b3 Kg3 45. Ke4 Kxg2 46. f4 Kg3 47. f5 Kg4 48. f6 Kg5 49. f7 Bd6 50. Kd5 Bb4 51. Kc6 Kg6 52. Kb7 Kxf7 53. Kxa7 Ke6 54. b6 Kd5 55. Ka6 Kc6 56. b7 Bd6 57. b4 Kc7 58. Ka7 Kc6 59. Ka6 Kc7 1/2-1/2

[Event "Madrid Alcorcon op 1st"]
[Site "Madrid"]
[Date "2022.12.29"]
[Round "8"]
[White "Lozano Argueso, Cesar"]
[Black "Ortega Sanchez Montanez, Marcos"]
[Result "1-0"]
[WhiteElo "1753"]
[BlackElo "1571"]
[PlyCount "57"]
[EventDate "2022.12.26"]
[EventType "swiss"]
[EventRounds "9"]
[EventCountry "ESP"]
[SourceTitle "CBM 212 Extra"]
[Source "ChessBase"]
[SourceDate "2023.03.31"]
[SourceVersion "1"]
[SourceVersionDate "2023.03.31"]
[SourceQuality "1"]

1. e4 c5 2. Nf3 d6 3. d4 cxd4 4. Nxd4 Nf6 5. Nc3 a6 6. Bg5 e6 7. f4 Be7 8. Qf3 Qc7 9. 0-0-0 Nbd7 10. g4 h6 11. Bxf6 Bxf6 12. h4 Qc5 13. Nb3 Qc7 14. Nd4 Qc5 15. Nb3 Qc7 16. g5 Bxc3 17. bxc3 Nc5 18. g6 Nxb3+ 19. axb3 f6 20. Kb2 Bd7 21. Qd3 Ke7 22. Bh3 Rac8 23. f5 e5 24. Rd2 Qb6 25. Qd5 Rhf8 26. Rhd1 Rc6 27. Bf1 Qc7 28. c4 Rb6 29. c5 1-0

[Event "Madrid Alcorcon op 1st"]
[Site "Madrid"]
[Date "2022.12.26"]
[Round "1"]
[White "Ortega Sanchez Montanez, Marcos"]
[Black "Culbeaux, Tello Oscar"]
[Result "1/2-1/2"]
[WhiteElo "1571"]
[BlackElo "2188"]
[PlyCount "183"]
[EventDate "2022.12.26"]
[EventType "swiss"]
[EventRounds "9"]
[EventCountry "ESP"]
[SourceTitle "CBM 212 Extra"]
[Source "ChessBase"]
[SourceDate "2023.03.31"]
[SourceVersion "1"]
[SourceVersionDate "2023.03.31"]
[SourceQuality "1"]

1. d4 Nf6 2. c4 g6 3. Nc3 d5 4. cxd5 Nxd5 5. e4 Nxc3 6. bxc3 c5 7. Bb5+ Bd7 8. Bxd7+ Nxd7 9. Be3 Bg7 10. Ne2 cxd4 11. cxd4 0-0 12. 0-0 b5 13. Rb1 Rb8 14. Qd2 a5 15. Rfc1 b4 16. Bh6 Nf6 17. Bxg7 Kxg7 18. Qe3 Qd7 19. Ng3 Rfc8 20. Qg5 h6 21. Qxa5 Rxc1+ 22. Rxc1 Qxd4 23. Qc7 Ra8 24. Qc2 h5 25. Re1 h4 26. Nf1 Qc3 27. Qxc3 bxc3 28. f3 Rxa2 29. Rc1 h3 30. Ne3 Ra3 31. Nd1 Nh5 32. g3 c2 33. Rxc2 Rxf3 34. Nf2 Re3 35. Kf1 Nf6 36. Re2 Rf3 37. Kg1 Nd7 38. Nxh3 Ne5 39. Kg2 Rb3 40. Nf2 Kf6 41. h3 Ke6 42. Nd1 Nc4 43. Kf2 Ke5 44. Ne3 Nd6 45. Ng4+ Ke6 46. Re3 Rb1 47. Re2 Rb4 48. Kf3 Nc4 49. Rc2 Rb3+ 50. Kf2 Nd6 51. Re2 Ne8 52. Rc2 Rb6 53. Kf3 Ra6 54. Rc3 Nd6 55. Nf2 Nb5 56. Rd3 Ra4 57. Ke3 f5 58. exf5+ gxf5 59. h4 Nd6 60. Rd4 Nc4+ 61. Kd3 Ne5+ 62. Ke3 Ra3+ 63. Nd3 Kf6 64. Ke2 Ra2+ 65. Ke3 Ng4+ 66. Kf3 e5 67. Rxg4 fxg4+ 68. Kxg4 e4 69. Nf4 Ke5 70. h5 Rf2 71. Ng6+ Kf6 72. Nf4 e3 73. Nd5+ Ke5 74. Nxe3 Ke4 75. Nc4 Kd5 76. Nb6+ Kc6 77. Na4 Rc2 78. h6 Rc4+ 79. Kg5 Rxa4 80. h7 Ra8 81. Kf6 Kd5 82. g4 Ra6+ 83. Kf5 Rh6 84. g5 Rxh7 85. g6 Rh1 86. g7 Rg1 87. Kf6 Kd6 88. Kf7 Rf1+ 89. Kg6 Ke7 90. g8Q Rg1+ 91. Kh7 Rxg8 92. Kxg8 1/2-1/2

[Event "Madrid Vicalvaro op"]
[Site "Madrid"]
[Date "2022.05.29"]
[Round "4"]
[White "Ortega Sanchez Montanez, Marcos"]
[Black "Reina Cascos, Antonio"]
[Result "1-0"]
[WhiteElo "1428"]
[BlackElo "1172"]
[PlyCount "85"]
[EventDate "2022.05.08"]
[EventType "swiss"]
[EventRounds "7"]
[EventCountry "ESP"]
[SourceTitle "EXT 2024"]
[Source "ChessBase"]
[SourceDate "2023.10.10"]
[SourceVersion "1"]
[SourceVersionDate "2023.10.10"]
[SourceQuality "1"]

1. Nf3 Nf6 2. d4 b6 3. g3 Bb7 4. Bg2 e6 5. c4 d5 6. cxd5 Qxd5 7. Nc3 Qh5 8. a3 a6 9. Bf4 Bd6 10. Bxd6 cxd6 11. e3 0-0 12. Nh4 Qxd1+ 13. Rxd1 Bxg2 14. Nxg2 d5 15. 0-0 Nc6 16. Rc1 Rac8 17. Na4 Nd7 18. Rc3 Na5 19. Rfc1 Rxc3 20. Rxc3 Nc4 21. Rc2 f5 22. Nf4 Re8 23. b3 Nxa3 24. Rc6 e5 25. dxe5 Nxe5 26. Rxb6 Nf3+ 27. Kh1 Rc8 28. Nxd5 Rc1+ 29. Kg2 Ne1+ 30. Kf1 Nf3+ 31. Kg2 Ne1+ 32. Kh3 g5 33. g4 fxg4+ 34. Kxg4 h6 35. Rxh6 Kf7 36. Rxa6 Nd3 37. Kxg5 Rg1+ 38. Kf5 Kg7 39. Nc5 Nxc5 40. Rxa3 Rg2 41. f4 Rxh2 42. Ra7+ Kh6 43. Nf6 1-0